000 00938nam a2200277 i 4500
001 000044984
003 DO-SdBNP
005 20230911141941.0
007 ta
008 150128s1959 dr ac r 000 0bspa d
040 _aDO-SdBNP
_bspa
_cBNPHU
_erda
082 4 _a922.27293
_bH519M
_222
100 1 _aMorales, G. Alfredo
_925448
_eautor
245 1 0 _aEn las bodas de plata del Padre Henríquez /
_cG. Alfredo Morales.
264 _aCiudad Trujillo, Distrito Nacional :
_bImpresora Dominicana ;
_c1959
300 _a46 páginas :
_bilustraciones, retratos
_c24 cm.
336 _2rdacontent
_atexto
_btxt
337 _2rdamedia
_asin mediación
_bn
338 _2rdacarrier
_avolumen
_bnc
590 _aInventariado, 2018/BT
600 1 4 _aHenríquez, Luis Fedrico
_972996
650 4 _aPoesía dominicana
_966
651 4 _aRepública Dominicana
_vBiografías
_91083
910 _aValidado. Control de calidad MFF
942 _2ddc
_cLF2
999 _c44473
_d44473